00377 a2200157 4500003000500000005001700005010001400022040000900036082001500045100002100060245003100081260005800112300001800170600002100188650001000209Nust20230529122609.0 a 42022856 cNust a808.83,GLA aGlaspell, Susan, aNorma AshecSusan Glaspell aPhiladelphia, New YorkbJ.B. Lippincott Companyc1942 a227 p.b21 cm aGlaspell, Susan, aNovel